| 000 | 00426nam a2200109Ia 4500 | ||
|---|---|---|---|
| 008 | 160909s9999 xx 000 0 und d | ||
| 100 | _aBernal, Elaine V. | ||
| 245 | 2 | _aA case study of a program for university STEM faculty to redesign courses using technology | |
| 260 |
_bCalifornia State University, Long Beach. _c2016 |
||
| 650 | _aInformation Technology | ||
| 856 | _uhttp://pqdtopen.proquest.com/doc/1807429376.html?FMT=ABS | ||
| 999 |
_c303744 _d303744 |
||